| 000 | 00712nam a2200205 4500 | ||
|---|---|---|---|
| 003 | CO-ViMGA | ||
| 020 | _a9789583054273 | ||
| 040 |
_aCO-ViMGA _bspa _cCO-ViMGA |
||
| 082 | 0 | 4 |
_aI823.8 _bB17p |
| 100 | 1 |
_aBarrie, James Matthew, _d1860-1937 _9392 |
|
| 245 | 1 | 0 |
_aPeter Pan : _bClasicos Ingles - Español / _cJames M. Barrie ; traducción Gabriela Garcia de la Torre |
| 250 | _aEdición Margarita Montenegro Villalba | ||
| 260 |
_aBogotá : _bPanamericana Editorial, _c2017 |
||
| 300 |
_a64 paginas : _bdibujos ; 22 cm. |
||
| 500 | _aTexto bilingue en ingles y español | ||
| 650 | 1 | 4 |
_aNiños _xNovela juvenil _9395 |
| 650 | 1 | 4 |
_aNovela fantastica _9394 |
| 650 | 1 | 4 |
_aNovela juvenil inglesa _9368 |
| 942 |
_2ddc _cBK |
||
| 999 |
_c37219 _d37219 |
||